Score 0/38 Timer 04:00
1 Play Today
Clue 4-Letter Word % Correct
** Say It ___ So ***AIN'T*
96.4%
** Dope ___ **
or Smelling organ
*NOSE*
94.9%
Half of a quartPINT
94.5%
Location to find diamonds or coalMINE
94.5%
** ___ of the World **
or A male monarch
*KING*
94.3%
** (Girl We Got A) ___ Thing **
or Emmy winning CBS TV series 'The ___ Wife'
*GOOD*
94.1%
Standard number of innings in a baseball gameNINE
93.9%
** ___ in Our Sail **
or Moving air
*WIND*
93.7%
An alcoholic drink made of fermented grapesWINE
93.3%
Christie novel: 'And Then There Were ___'NONE
93.3%
Sit for a photographPOSE
93%
Precious metal often used for jewelry GOLD
92.8%
The leader of the Roman Catholic ChurchPOPE
92.6%
** ___ and Beans* *
or The other white meat
*PORK*
92.4%
Evergreen tree known for its large conesPINE
92.3%
** Hash ___ **
or A tube for transporting water
*PIPE*
92.1%
To discoverFIND
91.9%
** My ___ Is Jonas **
or A personal identity marker
*NAME*
91.9%
This can be over matter?MIND
91.4%
Clue 4-Letter Word % Correct
Giving or affectionateKIND
90.4%
Instruction in origami FOLD
90.2%
IdenticalSAME
89.3%
The Beatles' '___ Together'COME
89%
'___ Like It Hot'SOME
88.3%
Resultant resource from loggingWOOD
87.2%
A high pitched soundPING
87%
Preserve progress in a video gameSAVE
86.9%
A set of linked lettersWORD
86.4%
A knighted womanDAME
86.4%
Covering for a stadium or The U.S. CapitolDOME
86.1%
Achy, like musclesSORE
86%
To examine a piece of writing closely, with 'over'PORE
85.8%
Affectionate or lovingFOND
85.5%
Sustained physical effort toward a goalWORK
85.2%
To deal with and overcome problems, with 'with' COPE
84.6%
** ___ Wax America **
or Catch a wave
*SURF*
84.1%
Area of a church seating the congregationNAVE
82.5%
An affirmative responseSURE
81.1%

Today's Daily Dose

Missing Word
3 Word TV Shows

Word Ladder
Olsen Twins

Quick Pick
TLC Shows

You're not logged in!

Compare scores with friends on all Sporcle quizzes.
OR
Log In

Sporcle TV

Today on Sporcle TV


Watch our educational content, quiz creation guides, and fun videos on Sporcle TV.

Show Comments

Extras

Top Quizzes Today


Score Distribution

Paid Content

Your Account Isn't Verified!

In order to create a playlist on Sporcle, you need to verify the email address you used during registration. Go to your Sporcle Settings to finish the process.

Report this User

Report this user for behavior that violates our Community Guidelines.

Details: